Acido cítrico : industrias acogidas al régimen del decreto n° 14.630/44 de fomento y defensa, informe n°28 complemento del n°2 /

Guardado en:
Autor Corporativo: Ministerio de Industria y Comercio
Formato: Libro
Idioma:Spanish
Publicado: Buenos Aires, 1949.
Etiquetas: Agregar Etiqueta
Sin Etiquetas, Sea el primero en etiquetar este registro!
LEADER 00584nam a22001455a 4500
001 EUN.um013880
003 AR-BaUNS
005 20050623122856.0
008 041125s1949####ag#a##########000#0#spa#d
245 1 0 |a Acido cítrico :  |b industrias acogidas al régimen del decreto n° 14.630/44 de fomento y defensa, informe n°28 complemento del n°2 /  |c Ministerio de Industria y Comercio. 
260 |a Buenos Aires,  |c 1949. 
300 |a 29 p. :  |b ilus. ;  |c 25,5 cm. 
082 0 4 |a 338.47 
110 2 |a Ministerio de Industria y Comercio  |c Argentina. 
859 |a Ar-BaUNS  |b BIB. CENTRAL - Sector C  |h 338.47  |i Ar37-16  |p 618/952